|
|
|
|
| LEADER |
00986nam a2200253 a 4500 |
| 001 |
c000161157 |
| 003 |
CARM |
| 005 |
20020226122035.0 |
| 008 |
020108s1985 stk 000 0 eng d |
| 019 |
1 |
|
|a 23380695
|5 LACONCORD2021
|
| 035 |
|
|
|a (OCoLC)13058862
|5 LACONCORD2021
|
| 040 |
|
|
|a VU
|b eng
|c VU
|
| 043 |
|
|
|a e-uk-st
|
| 110 |
2 |
|
|a University of St. Andrews.
|
| 245 |
1 |
0 |
|a History and constitution of the University of St Andrews /
|c University of St Andrews.
|
| 246 |
1 |
4 |
|a University calendar :
|b history and constitution.
|
| 250 |
|
|
|a 1985 ed.
|
| 260 |
|
|
|a [St. Andrews, Scotland :
|b The University],
|c 1985.
|
| 300 |
|
|
|a 68 p. ;
|c 22 cm.
|
| 610 |
2 |
0 |
|a University of St. Andrews
|x History.
|
| 610 |
2 |
0 |
|a University of St. Andrews
|x Constitution.
|
| 852 |
8 |
|
|b CARM
|h A2:AJ21C0
|i B04864
|p 0212463
|f BK
|
| 999 |
f |
f |
|i 647403a3-52a0-5aa9-a768-96109955ab0e
|s a55d3dcb-318a-5c2a-97d1-9d06147a157f
|
| 952 |
f |
f |
|p Can circulate
|a CAVAL
|b CAVAL
|c CAVAL
|d CARM 1 Store
|e B04864
|f A2:AJ21C0
|h Other scheme
|i book
|m 0212463
|